| 000 | 01109nam0a2200373 4500 | ||
|---|---|---|---|
| 001 | RU\NLR\bibl\271999 | ||
| 005 | 20250620133204.0 | ||
| 010 |
_a5-17-010150-3 _bАСТ |
||
| 010 |
_a5-271-03688-X _bАстрель |
||
| 021 |
_aRU _b2002-5733 _9277 |
||
| 035 | _a(NLR Aleph) 000267536 | ||
| 090 |
_a1563815 _c1563815 |
||
| 100 | _a20020517d2002 |||y0rusy50 ca | ||
| 101 | 1 |
_arus _cfre |
|
| 102 | _aRU | ||
| 105 | _aa ||||||||| | ||
| 200 | 1 |
_aПраздники _fНадин Кретен _g[Пер. с фр. Л. Корнеевой] |
|
| 210 |
_aМ. _cАстрель _cАСТ _d2002 |
||
| 215 |
_a75,[1] с. _cил. _d17 |
||
| 225 | 1 | _aМини-энциклопедия | |
| 300 | _aНа пер. авт. не указан | ||
| 610 | 0 | _aПраздники | |
| 675 |
_a394.2 _v3 _zrus |
||
| 686 |
_a03.61 _2rugasnti |
||
| 686 |
_a63.5(0) _2rubbk |
||
| 686 |
_aШ9 _bЧ71 |
||
| 700 | 1 |
_aКретен _bН. _gНадин _4070 |
|
| 801 | 0 |
_aRU _bRKP _c20020517 _gPSBO |
|
| 801 | 1 |
_aRU _bRKP _c20020517 |
|
| 801 | 2 |
_aRU _bNLR _c20020704 _grcr |
|
| 942 | _cBOOK | ||
| 980 | _aNB | ||